000
00301 a2200109 4500
000
nam a22 7a 4500
020
_a
9789391502492
100
_a
Tomasi,Omar Mei
_9
103
245
_a
Manufacturing management and decision support systems
260
_b
Knowledge Bakers
_c
2023
264
_b
Knowledge Bakers
999
_c
35989
_d
35989